Sports Quiz

Random Sports or Basketball Quiz

Big 12 Quiz Stats

 Plays Quiz Updated Mar 8, 2017

Support Sporcle.
Go Orange.
Score 0/20 Timer 05:00
7 Plays Today
% Correct
Texas
96.7%
Oklahoma
94.5%
Kansas
92.2%
Oklahoma State
91.4%
Longhorns
90.2%
Texas Tech
90%
Kansas State
88.3%
Sooners
87.8%
Jayhawks
85.8%
West Virginia
83.7%
% Correct
TCU
82.7%
Baylor
82%
Cowboys
81.9%
Red Raiders
78%
Wildcats
77.4%
Mountaineers
76.3%
Horned Frogs
76.1%
Bears
76%
Iowa State
75.4%
Cyclones
67.6%

From the Vault

'V' States Blitz

by NYYanks

Geography 30s
Hopefully your efforts won't be in vain.
Remove Ads.
Support Sporcle.
Get the best of Sporcle when you Go Orange. This ad-free experience offers more features, more stats, and more fun while also helping to support Sporcle. Thank you for becoming a member.

Show Comments

Extras

Top Quizzes Today


Score Distribution

Your Account Isn't Verified!

In order to create a playlist on Sporcle, you need to verify the email address you used during registration. Go to your Sporcle Settings to finish the process.

Report this User

Report this user for behavior that violates our Community Guidelines.

Details: